02882nam a2200373 a 4500001001200000003000800012006001900020007001500039008004100054010001700095020003900112020003800151020002700189040002100216035002100237050002700258082001900285100002600304245018800330260003400518300002200552504005100574505136700625533015201992650005002144650003002194650003302224650004102257655002902298700002102327710001702348856012602365999001702491ebr10667437CaPaEBRm u cr cn|||||||||130130s2013 njua sb 001 0 eng d z 2012050385 z9780470656785 (cloth : alk. paper) z9780470656839 (pbk. : alk. paper) z9781118545201 (e-book) aCaPaEBRcCaPaEBR a(OCoLC)82886888214aPN1009.A1bW296 2013eb04a809/.892822231 aWartenberg, Thomas E.12aA sneetch is a sneetch and other philosophical discoveriesh[electronic resource] :bfinding wisdom in children's literature /cThomas E. Wartenberg ; illustrations by Joy Kinigstein. aHoboken :bJohn Wiley,c2013. ax, 164 p. :bill. aIncludes bibliographical references and index.0 aHarold and the purple crayon: can you get wet swimming in an imaginary ocean? -- The important book: is a leopard without its spots still a leopard? -- Shrek!: could a dead skunk smell good? -- Let's do nothing: can you just do nothing at all? -- Knuffle Bunny: how do you know I'm angry if I don't say so? -- Many moons: do experts really know more? -- Yellow and pink: could human life have arisen purely by chance? -- Morris the Moose: how do you know when you've made a mistake? -- Emily's art: what's the difference between saying the Mona Lisa is a great painting and vanilla is your favorite flavor? -- Miss Nelson is missing!: is it okay for adults to deceive kids? -- The giving tree: how can it be wrong to give someone what they want? -- "Cookies": what good is having will-power if you don't have any more cookies? -- Frederick: can you enjoy doing something even if it's work? -- The sneetches: isn't it all right to discriminate in choosing your friends? -- The paper bag princess: what's wrong with "living happily ever after"? -- The big orange splot: is there anything wrong with conformity? -- Taking picture books seriously -- MS 1: who's who: thumbnail biographies of the philosophers -- MS 2: what's what: key philosophical terms -- MS 3: next steps: even more philosophical picture books -- MS 4: next steps: digger deeper into philosophy. aElectronic reproduction.bPalo Alto, Calif. :cebrary,d2013.nAvailable via World Wide Web.nAccess may be limited to ebrary affiliated libraries. 0aChildren's literaturexHistory and criticism. 0aPhilosophy in literature. 0aChildrenxBooks and reading. 0aKnowledge, Theory of, in literature. 7aElectronic books.2local1 aKinigstein, Joy.2 aebrary, Inc.40uhttp://site.ebrary.com/lib/rucke/Doc?id=10667437zAn electronic book accessible through the World Wide Web; click to view c61372d61372